Computer system architecture (Record no. 397200)

MARC details
000 -LEADER
fixed length control field 00524 a2200205 4500
005 - DATE & TIME
control field 20260407130429.0
008 - FIXED-LENGTH DATA ELEMENTS--GENERAL INFORMATION
fixed length control field 260407b |||||||| |||| 00| 0 eng d
020 ## - ISBN
International Standard Book Number 9789332585607
Price Rs. 940.00
040 ## - CATALOGING SOURCE
Original cataloging agency VIVEKANANDA LIBRARY
082 ## - DDC NUMBER
Classification number 005.369
Book Number M317C(3)
100 ## - MAIN ENTRY--PERSONAL NAME
Personal name Mano, M Morris
245 ## - TITLE STATEMENT
Title Computer system architecture
250 ## - EDITION STATEMENT
Edition statement 3rd
260 ## - PUBLICATION, DISTRIBUTION, ETC. (IMPRINT)
Place of publication, distribution, etc Noida
Name of publisher, distributor, etc Pearson India
Date of publication, distribution, etc 2025
300 ## - PHYSICAL DESCRIPTION
Pages xxvii, 586
650 ## - Subject
Subject Computer Science
650 ## - Subject
Subject Computer Architecture
650 ## - Subject
Subject Data Processing
942 ## - ADDED ENTRY ELEMENTS (KOHA)
Koha item type Books
Holdings
Withdrawn status Lost status Source of classification or shelving scheme Damaged status Not for loan Location (home branch) Sublocation or collection (holding branch) Shelving location Date acquired Koha issues (times borrowed) Koha full call number Accession No. Koha date last seen Koha item type
    Dewey Decimal Classification     VIVEKANANDA LIBRARY VIVEKANANDA LIBRARY UIET Library 25/03/2026   005.369 M317C(3) 431198 25/03/2026 Books
    Dewey Decimal Classification     VIVEKANANDA LIBRARY VIVEKANANDA LIBRARY UIET Library 25/03/2026   005.369 M317C(3) 431199 25/03/2026 Books
© Designed and Maintained by Vivekananda Library, MDU Rohtak